00950nam a2200217 a 450000100080000000500110000800800410001902000150006010000210007524500540009626000840015030000110023449000610024552003080030665000110061465000210062565000250064665000240067165000260069565000110072115671412003-09-22 2003 bl uuuu 00u1 u #d a85887648651 aTORRES, R. de A. aCana-ureiabalimento de baixo custo para bovinos. aJuiz de Fora: Embrapa Gado de Leite; Vicosa: Centro de Producoes Tecnicasc2003 a116 p. a(Embrapa Gado de Leite. Serie Pastagem e Nutricao, 419). aUso da cana em diferentes condicoes, categoria animal e raca; Aspectos nutricionais da cana; A ureia corrigindo o baixo teor de proteina; Formacao e cultivo do canavial; Uso da cana com ureia da colheita ao fornecimento; Problemas na utilizacao; Erros mais comuns cometidos pelos usuarios da cana-ureia. aBovino aCana de Açúcar aComposto Nitrogenado aCusto de Produção aSaccharum Officinarum aUréia